[Event "Ruhrgebiet Verbandsliga Gruppe 2 1819"]
[Site "Nordrheinwestfalen"]
[Date "2019.02.03"]
[Round "6.8"]
[White "Abdullayev, Elchin"]
[Black "Bury, Tobias"]
[Result "1-0"]
[WhiteElo "1782"]
[BlackElo "1871"]
[PlyCount "77"]
[EventDate "2018.09.23"]
[EventType "team-tourn"]
[EventRounds "9"]
[EventCountry "GER"]
[SourceTitle "EXT 2022"]
[Source "ChessBase"]
[SourceDate "2021.10.06"]
[SourceVersion "1"]
[SourceVersionDate "2021.10.06"]
[SourceQuality "1"]
[WhiteTeam "Bochum SV II"]
[BlackTeam "Essen Werden"]
[WhiteTeamCountry "GER"]
[BlackTeamCountry "GER"]

1. d4 Nf6 2. c4 c5 3. d5 e6 4. Bg5 exd5 5. cxd5 d6 6. Nc3 h6 7. Bh4 g6 8. e4 Bg7 9. Bd3 0-0 10. Nge2 a6 11. a4 Nbd7 12. f4 Re8 13. 0-0 Qc7 14. Rc1 Rb8 15. b3 c4 16. Bxc4 Nc5 17. e5 Ng4 18. Qd2 Qb6 19. Kh1 dxe5 20. h3 Nf6 21. fxe5 Nfe4 22. Nxe4 Nxe4 23. Qf4 Bf5 24. e6 Nd6 25. a5 Qc5 26. Bf2 Qb4 27. Be1 Qa3 28. exf7+ Nxf7 29. Bc3 Nd6 30. Bxg7 Kxg7 31. Ng3 Rf8 32. Qe5+ Kh7 33. Nxf5 Nxf5 34. Bd3 Rbe8 35. Rc7+ Kg8 36. Qf4 g5 37. Qg4 Ne3 38. Rxf8+ Rxf8 39. Qe6+ 1-0

[Event "Ruhrgebiet Verbandsliga Gruppe 1 1718"]
[Site "Germany"]
[Date "2017.11.05"]
[Round "3.6"]
[White "Hartung, Thomas"]
[Black "Bury, Tobias"]
[Result "1/2-1/2"]
[WhiteElo "1898"]
[BlackElo "1894"]
[PlyCount "66"]
[EventDate "2017.09.17"]
[EventType "team-tourn"]
[EventRounds "9"]
[EventCountry "GER"]
[SourceTitle "EXT 2022"]
[Source "ChessBase"]
[SourceDate "2021.10.06"]
[SourceVersion "1"]
[SourceVersionDate "2021.10.06"]
[SourceQuality "1"]
[WhiteTeam "Annen Sport Union"]
[BlackTeam "Essen Werden"]
[WhiteTeamCountry "GER"]
[BlackTeamCountry "GER"]

1. e4 c5 2. Nf3 e6 3. d4 cxd4 4. Nxd4 Nc6 5. Nc3 Qc7 6. Be3 a6 7. Bd3 Nf6 8. 0-0 b5 9. Qe2 Bb7 10. Rad1 b4 11. Na4 Ne5 12. f3 d5 13. Bf2 Bd6 14. g3 0-0 15. exd5 Nxd3 16. Qxd3 Nxd5 17. b3 Rfd8 18. Qe2 Rac8 19. Rd2 Be7 20. Re1 Bg5 21. f4 Bf6 22. a3 a5 23. axb4 axb4 24. Kf1 Qd6 25. Kg1 Nc3 26. Nxc3 bxc3 27. Rd3 Ba6 28. Nb5 Qc6 29. Na7 Bxd3 30. cxd3 Qd5 31. Nxc8 Rxc8 32. Qc2 Rb8 33. Rb1 Rd8 1/2-1/2

[Event "Ruhrgebiet Verbandsliga Gruppe 2 1617"]
[Site "Germany"]
[Date "2016.11.27"]
[Round "4"]
[White "Bury, Tobias"]
[Black "Kucheyda, Joerg"]
[Result "1/2-1/2"]
[WhiteElo "1912"]
[BlackElo "1916"]
[PlyCount "46"]
[EventDate "2016.09.04"]
[EventType "team-tourn"]
[EventRounds "9"]
[EventCountry "GER"]
[SourceTitle "EXT 2022"]
[Source "ChessBase"]
[SourceDate "2021.10.06"]
[SourceVersion "1"]
[SourceVersionDate "2021.10.06"]
[SourceQuality "1"]
[WhiteTeam "Essen Werden"]
[BlackTeam "Gladbeck SG"]
[WhiteTeamCountry "GER"]
[BlackTeamCountry "GER"]

1. e4 e6 2. d4 d5 3. Nc3 Bb4 4. e5 c5 5. a3 Bxc3+ 6. bxc3 Qc7 7. Qg4 Ne7 8. Bd3 c4 9. Be2 Nf5 10. Nf3 Bd7 11. Qf4 Ba4 12. Ra2 Nc6 13. g4 Nfe7 14. Ng5 Ng6 15. Qf3 h6 16. Nh3 0-0-0 17. Nf4 Nxf4 18. Bxf4 g5 19. Bg3 Rdf8 20. h4 Qa5 21. Qe3 Qb6 22. Qc1 Qa5 23. Qe3 Qb6 1/2-1/2

[Event "Ruhrgebiet Verbandsliga Gruppe 2 1516"]
[Site "Germany"]
[Date "2016.01.24"]
[Round "6.7"]
[White "Bury, Tobias"]
[Black "Bauch, Ralf"]
[Result "1/2-1/2"]
[WhiteElo "1905"]
[BlackElo "1944"]
[PlyCount "40"]
[EventDate "2015.09.06"]
[EventType "team-tourn"]
[EventRounds "9"]
[EventCountry "GER"]
[SourceTitle "EXT 2022"]
[Source "ChessBase"]
[SourceDate "2021.10.06"]
[SourceVersion "1"]
[SourceVersionDate "2021.10.06"]
[SourceQuality "1"]
[WhiteTeam "Essen Werden"]
[BlackTeam "Brambauer"]
[WhiteTeamCountry "GER"]
[BlackTeamCountry "GER"]

1. e4 e6 2. d4 d5 3. Nc3 Bb4 4. e5 b6 5. a3 Bf8 6. Nf3 a5 7. Bg5 Qd7 8. Bd3 Ba6 9. 0-0 Ne7 10. Ne2 h6 11. Bxa6 Nxa6 12. Bd2 c5 13. c3 Nc6 14. Be3 Be7 15. Nd2 cxd4 16. cxd4 b5 17. b3 0-0 18. Qb1 Rac8 19. Qd3 Qb7 20. f4 f5 1/2-1/2

[Event "Ruhrgebiet Verbandsliga Gruppe 2 1516"]
[Site "Germany"]
[Date "2015.11.29"]
[Round "4.5"]
[White "Bury, Tobias"]
[Black "Riek, Wolfgang"]
[Result "1/2-1/2"]
[WhiteElo "1905"]
[BlackElo "1837"]
[PlyCount "39"]
[EventDate "2015.09.06"]
[EventType "team-tourn"]
[EventRounds "9"]
[EventCountry "GER"]
[SourceTitle "EXT 2022"]
[Source "ChessBase"]
[SourceDate "2021.10.06"]
[SourceVersion "1"]
[SourceVersionDate "2021.10.06"]
[SourceQuality "1"]
[WhiteTeam "Essen Werden"]
[BlackTeam "Muelheim SC"]
[WhiteTeamCountry "GER"]
[BlackTeamCountry "GER"]

1. e4 e5 2. Nf3 Nc6 3. Bc4 Be7 4. c3 Nf6 5. d3 0-0 6. 0-0 d5 7. exd5 Nxd5 8. Re1 Bg4 9. h3 Bh5 10. Nbd2 Nf6 11. Nf1 e4 12. dxe4 Qxd1 13. Rxd1 Nxe4 14. g4 Bg6 15. Be3 Rad8 16. Kg2 Nd6 17. Bd5 Be4 18. Bxe4 Nxe4 19. Ng3 Nxg3 20. Kxg3 1/2-1/2

[Event "Ruhrgebiet Verbandsliga Gruppe 2 1516"]
[Site "Germany"]
[Date "2015.09.06"]
[Round "1.7"]
[White "Bury, Tobias"]
[Black "Stratmann, Holger"]
[Result "1-0"]
[WhiteElo "1905"]
[BlackElo "1998"]
[PlyCount "47"]
[EventDate "2015.09.06"]
[EventType "team-tourn"]
[EventRounds "9"]
[EventCountry "GER"]
[SourceTitle "EXT 2022"]
[Source "ChessBase"]
[SourceDate "2021.10.06"]
[SourceVersion "1"]
[SourceVersionDate "2021.10.06"]
[SourceQuality "1"]
[WhiteTeam "Essen Werden"]
[BlackTeam "Katernberg SF III"]
[WhiteTeamCountry "GER"]
[BlackTeamCountry "GER"]

1. Nf3 Nf6 2. c4 g6 3. g3 Bg7 4. Bg2 0-0 5. d4 d6 6. 0-0 Nbd7 7. Nc3 e5 8. e4 c6 9. h3 Re8 10. Be3 exd4 11. Nxd4 Nc5 12. Qc2 Qe7 13. f3 a5 14. Rfe1 Nfd7 15. Rad1 Ne5 16. b3 a4 17. f4 axb3 18. axb3 Ned7 19. Bf2 Nf8 20. Kh2 Qf6 21. Nde2 Ra3 22. Bd4 Qe7 23. Bxg7 Kxg7 24. b4 1-0

[Event "Ruhrgebiet Verbandsliga Gruppe 2 1415"]
[Site "Germany"]
[Date "2015.02.08"]
[Round "6"]
[White "Zwielich, Frank"]
[Black "Bury, Tobias"]
[Result "1/2-1/2"]
[WhiteElo "1974"]
[BlackElo "1894"]
[PlyCount "39"]
[EventDate "2014.09.21"]
[EventType "team-tourn"]
[EventRounds "9"]
[EventCountry "GER"]
[SourceTitle "EXT 2022"]
[Source "ChessBase"]
[SourceDate "2021.10.06"]
[SourceVersion "1"]
[SourceVersionDate "2021.10.06"]
[SourceQuality "1"]
[WhiteTeam "Wattenscheid SV III"]
[BlackTeam "Essen Werden"]
[WhiteTeamCountry "GER"]
[BlackTeamCountry "GER"]

1. d4 Nf6 2. g3 c5 3. d5 e6 4. c4 exd5 5. cxd5 d6 6. Bg2 g6 7. Nc3 Bg7 8. Nf3 0-0 9. 0-0 a6 10. a4 Nbd7 11. Nd2 Re8 12. h3 Rb8 13. Nc4 Nb6 14. Na3 Bd7 15. a5 Nc8 16. Nc4 Bb5 17. Qb3 Bxc4 18. Qxc4 Nd7 19. Ra3 Ne5 20. Qa2 1/2-1/2

[Event "NRW Verbandsliga Group1 1314"]
[Site "Nordrheinwestfalen"]
[Date "2013.12.08"]
[Round "5.5"]
[White "Hillebrand, Carsten"]
[Black "Bury, Tobias"]
[Result "1/2-1/2"]
[WhiteElo "1926"]
[BlackElo "1893"]
[PlyCount "42"]
[EventDate "2013.09.08"]
[EventType "team-tourn"]
[EventRounds "9"]
[EventCountry "GER"]
[SourceTitle "EXT 2020"]
[Source "ChessBase"]
[SourceDate "2019.10.17"]
[SourceVersion "1"]
[SourceVersionDate "2019.10.17"]
[SourceQuality "1"]
[WhiteTeam "Dortmund FS 98"]
[BlackTeam "Essen Werden"]
[WhiteTeamCountry "GER"]
[BlackTeamCountry "GER"]

1. c4 c6 2. Nf3 d5 3. g3 Nf6 4. Bg2 g6 5. b3 Bg7 6. Bb2 0-0 7. 0-0 Qb6 8. Qc1 Nbd7 9. d3 Re8 10. Nc3 Nc5 11. Rb1 a5 12. Nd1 Na6 13. Bc3 Qd8 14. Qa3 Nc7 15. Qb2 a4 16. Ne3 axb3 17. axb3 Ne6 18. Nc2 Qb6 19. Ra1 Rxa1 20. Rxa1 Ng4 21. e3 Bxc3 1/2-1/2

[Event "NRW Verbandsliga Group1 1314"]
[Site "Nordrheinwestfalen"]
[Date "2013.11.03"]
[Round "3"]
[White "Bury, Tobias"]
[Black "Koth, Stefan"]
[Result "0-1"]
[WhiteElo "1893"]
[BlackElo "2010"]
[PlyCount "80"]
[EventDate "2013.09.08"]
[EventType "team-tourn"]
[EventRounds "9"]
[EventCountry "GER"]
[SourceTitle "EXT 2020"]
[Source "ChessBase"]
[SourceDate "2019.10.17"]
[SourceVersion "1"]
[SourceVersionDate "2019.10.17"]
[SourceQuality "1"]
[WhiteTeam "Essen Werden"]
[BlackTeam "Doppelbauer Brambauer"]
[WhiteTeamCountry "GER"]
[BlackTeamCountry "GER"]

1. d4 d5 2. c4 c6 3. Nf3 Nf6 4. Nc3 e6 5. e3 Bd6 6. b3 0-0 7. Bb2 Nbd7 8. Bd3 Qe7 9. 0-0 Re8 10. e4 dxe4 11. Nxe4 Nxe4 12. Bxe4 Nf6 13. Bc2 b6 14. Qd3 Bb7 15. Rfe1 Rad8 16. Re2 Ba3 17. Bc3 Bb4 18. Bb2 Ba3 19. Bc3 Bb4 20. Rae1 Bxc3 21. Qxc3 Qd6 22. Rd1 Qf4 23. Re3 h5 24. Ne5 c5 25. Nf3 Ng4 26. g3 Qf6 27. d5 Nxe3 28. Qxf6 gxf6 29. fxe3 exd5 30. Kf2 dxc4 31. bxc4 Rxd1 32. Bxd1 Rd8 33. Bb3 Bxf3 34. Kxf3 Rd2 35. h3 Rh2 36. h4 Kf8 37. Kf4 Ke7 38. Bd1 Rxa2 39. Bxh5 Rc2 40. Bf3 Rxc4+ 0-1

[Event "Ruhrgebiet VK3 1213"]
[Site "Nordrheinwestfalen"]
[Date "2013.02.03"]
[Round "6"]
[White "Bury, Tobias"]
[Black "Fiori, Bruno"]
[Result "1/2-1/2"]
[WhiteElo "1823"]
[BlackElo "1981"]
[PlyCount "46"]
[EventDate "2012.09.02"]
[EventType "team-tourn"]
[EventRounds "9"]
[EventCountry "GER"]
[SourceTitle "EXT 2020"]
[Source "ChessBase"]
[SourceDate "2019.10.17"]
[SourceVersion "1"]
[SourceVersionDate "2019.10.17"]
[SourceQuality "1"]
[WhiteTeam "Essen Werden"]
[BlackTeam "Osterfeld Schwarze Dame"]
[WhiteTeamCountry "GER"]
[BlackTeamCountry "GER"]

1. e4 c5 2. Nf3 d6 3. d4 cxd4 4. Nxd4 Nf6 5. Nc3 g6 6. Be3 Bg7 7. f3 0-0 8. Qd2 Nc6 9. 0-0-0 d5 10. Qe1 e6 11. h4 Bd7 12. h5 e5 13. Nxc6 bxc6 14. Bc5 Re8 15. hxg6 hxg6 16. exd5 Qa5 17. Ba3 cxd5 18. Nxd5 Qa4 19. Qh4 Qxh4 20. Rxh4 Nxd5 21. Rxd5 Be6 22. Ra5 Bf6 23. Rh1 Bxa2 1/2-1/2

[Event "Ruhrgebiet VK2 0910"]
[Site "Ruhrgebiet"]
[Date "2010.02.21"]
[Round "7.5"]
[White "Bury, Tobias"]
[Black "Neugebauer, Thomas"]
[Result "1/2-1/2"]
[WhiteElo "1894"]
[BlackElo "2187"]
[PlyCount "83"]
[EventDate "2009.09.06"]
[EventType "team"]
[EventRounds "9"]
[EventCountry "GER"]
[SourceTitle "EXT 2011"]
[Source "ChessBase"]
[SourceDate "2010.11.26"]
[SourceVersion "1"]
[SourceVersionDate "2010.11.26"]
[SourceQuality "1"]
[WhiteTeam "Essen Werden"]
[BlackTeam "Altenessen"]
[WhiteTeamCountry "GER"]
[BlackTeamCountry "GER"]

1. d4 Nf6 2. c4 g6 3. Nc3 Bg7 4. e4 d6 5. Nf3 0-0 6. Be2 a5 7. 0-0 Na6 8. Bg5 Qe8 9. Nd2 h6 10. Bh4 Nh7 11. Nb3 a4 12. Nc1 Bd7 13. f3 e5 14. d5 Nc5 15. Nd3 b6 16. Qc2 f5 17. b4 axb3 18. axb3 Qf7 19. b4 Nxd3 20. Bxd3 g5 21. Bf2 f4 22. c5 bxc5 23. bxc5 g4 24. fxg4 Bxg4 25. cxd6 cxd6 26. Rxa8 Rxa8 27. Nb5 Qg6 28. Qc6 Rd8 29. Bb6 Rd7 30. Nc7 Bf8 31. Ne6 Bxe6 32. dxe6 Rg7 33. Rf2 Ng5 34. Kf1 Nxe6 35. Bc4 Kh7 36. Qc8 Ng5 37. Qxf8 Nxe4 38. Rb2 Nd2+ 39. Rxd2 Qb1+ 40. Ke2 Qe4+ 41. Kd1 Qb1+ 42. Ke2 1/2-1/2

[Event "Ruhrgebiet VK2 0910"]
[Site "Ruhrgebiet"]
[Date "2010.01.10"]
[Round "5.5"]
[White "Bury, Tobias"]
[Black "Renk, Christoph"]
[Result "0-1"]
[WhiteElo "1894"]
[BlackElo "1827"]
[PlyCount "46"]
[EventDate "2009.09.06"]
[EventType "team"]
[EventRounds "9"]
[EventCountry "GER"]
[SourceTitle "EXT 2011"]
[Source "ChessBase"]
[SourceDate "2010.11.26"]
[SourceVersion "1"]
[SourceVersionDate "2010.11.26"]
[SourceQuality "1"]
[WhiteTeam "Essen Werden"]
[BlackTeam "Buer"]
[WhiteTeamCountry "GER"]
[BlackTeamCountry "GER"]

1. e4 c5 2. Nf3 e6 3. Nc3 a6 4. g3 Nc6 5. d4 cxd4 6. Nxd4 d6 7. Bg2 Qc7 8. 0-0 Nf6 9. f4 Nxd4 10. Qxd4 Bd7 11. Qd1 Rc8 12. g4 h5 13. g5 Qc5+ 14. Kh1 Ng4 15. Qe2 Be7 16. Bf3 b5 17. Bxg4 hxg4 18. Be3 Qc4 19. Rf2 b4 20. Qxc4 Rxc4 21. Nd1 Bc6 22. Kg1 Bxe4 23. Rc1 g3 0-1

[Event "Ruhrgebiet VK2 0910"]
[Site "Ruhrgebiet"]
[Date "2009.09.06"]
[Round "1.5"]
[White "Heinzel, Peter"]
[Black "Bury, Tobias"]
[Result "0-1"]
[WhiteElo "2068"]
[BlackElo "1894"]
[PlyCount "68"]
[EventDate "2009.09.06"]
[EventType "team"]
[EventRounds "9"]
[EventCountry "GER"]
[SourceTitle "EXT 2011"]
[Source "ChessBase"]
[SourceDate "2010.11.26"]
[SourceVersion "1"]
[SourceVersionDate "2010.11.26"]
[SourceQuality "1"]
[WhiteTeam "Muelheim"]
[BlackTeam "Essen Werden"]
[WhiteTeamCountry "GER"]
[BlackTeamCountry "GER"]

1. d4 Nf6 2. Nf3 e6 3. c4 b6 4. Bf4 Bb7 5. Nc3 Bb4 6. e3 Ne4 7. Qc2 0-0 8. Bd3 Bxc3+ 9. bxc3 f5 10. h3 d6 11. 0-0 Nd7 12. Nd2 Nxd2 13. Qxd2 e5 14. Bh2 Qe7 15. a4 Rf6 16. f3 a5 17. Ra2 Raf8 18. Qe1 Qe8 19. f4 e4 20. Be2 Rh6 21. Qf2 Nf6 22. Rb1 Bc6 23. Bd1 Kh8 24. Bg3 Bd7 25. Bh4 Rg6 26. Qe2 Qf7 27. Bb3 Be6 28. Rab2 Qe7 29. Qf1 Bf7 30. Bd1 Be8 31. Kh2 Ng4+ 32. hxg4 Qxh4+ 33. Kg1 fxg4 34. f5 g3 0-1

[Event "Essen Werden op"]
[Site "Essen"]
[Date "2004.06.18"]
[Round "3"]
[White "Bury, Tobias"]
[Black "Von Noorden, Harko"]
[Result "1/2-1/2"]
[WhiteElo "1733"]
[BlackElo "1455"]
[PlyCount "74"]
[EventDate "2004.06.04"]
[EventType "swiss"]
[EventRounds "7"]
[EventCountry "GER"]
[SourceTitle "EXT 2007"]
[Source "ChessBase"]
[SourceDate "2006.11.23"]
[SourceVersion "1"]
[SourceVersionDate "2006.11.23"]
[SourceQuality "1"]

1. d4 d5 2. c4 e6 3. Nf3 Nf6 4. g3 c6 5. Qc2 Be7 6. Bg2 0-0 7. 0-0 Nbd7 8. Nbd2 h6 9. b3 Nh7 10. Bb2 f5 11. Rac1 Ng5 12. Rfd1 Ne4 13. Nxe4 fxe4 14. Ne5 Qe8 15. Nxd7 Bxd7 16. Bc3 Qh5 17. f3 Bg5 18. Bd2 Bxd2 19. Qxd2 exf3 20. Bxf3 Qe8 21. Rf1 Qe7 22. Rce1 Qd6 23. c5 Qe7 24. e4 Qd8 25. Bg2 Rxf1+ 26. Rxf1 Qe7 27. Qf2 Rf8 28. Qxf8+ Qxf8 29. Rxf8+ Kxf8 30. Kf2 Kf7 31. Ke3 g5 32. e5 Kg6 33. Bf1 Kf5 34. Bh3+ g4 35. Bf1 h5 36. Bd3+ Kg5 37. b4 a6 1/2-1/2

[Event "Essen Werden op"]
[Site "Essen"]
[Date "2004.06.11"]
[Round "2"]
[White "Weber, Dirk"]
[Black "Bury, Tobias"]
[Result "1-0"]
[WhiteElo "1807"]
[BlackElo "1733"]
[PlyCount "81"]
[EventDate "2004.06.04"]
[EventType "swiss"]
[EventRounds "7"]
[EventCountry "GER"]
[SourceTitle "EXT 2007"]
[Source "ChessBase"]
[SourceDate "2006.11.23"]
[SourceVersion "1"]
[SourceVersionDate "2006.11.23"]
[SourceQuality "1"]

1. e4 c5 2. Nf3 Nc6 3. Bb5 g6 4. 0-0 Bg7 5. c3 Nf6 6. Re1 0-0 7. d4 d5 8. e5 Ne4 9. Nbd2 Nxd2 10. Bxd2 cxd4 11. cxd4 Qb6 12. Bxc6 Qxc6 13. Qb3 Bg4 14. Bb4 Bxf3 15. Qxf3 Qd7 16. Qa3 Rfe8 17. Rac1 e6 18. Rc3 Bf8 19. Rec1 Bxb4 20. Qxb4 Rec8 21. Qa5 Rxc3 22. Qxc3 Rb8 23. Qc7 Qxc7 24. Rxc7 a5 25. Kf1 b5 26. Ke2 b4 27. Kd3 g5 28. g4 Kg7 29. Ra7 Rb5 30. Rc7 Kg6 31. Rc5 Rb7 32. Rxa5 h5 33. h3 hxg4 34. hxg4 f5 35. f3 fxg4 36. fxg4 Rh7 37. Ra6 Rh3+ 38. Kc2 b3+ 39. axb3 Kf7 40. b4 Rg3 41. b5 1-0

[Event "Ruhrhalbinsel op 19th"]
[Site "Essen"]
[Date "2004.05.21"]
[Round "4"]
[White "Deinert, Wolfgang"]
[Black "Bury, Tobias"]
[Result "1/2-1/2"]
[WhiteElo "1650"]
[BlackElo "1715"]
[PlyCount "79"]
[EventDate "2004.05.??"]
[EventType "swiss"]
[EventRounds "7"]
[EventCountry "GER"]
[SourceTitle "CBM 100 Extra"]
[Source "ChessBase"]
[SourceDate "2004.07.06"]
[SourceVersion "2"]
[SourceVersionDate "2004.07.06"]
[SourceQuality "1"]

1. e4 c5 2. Nf3 Nc6 3. d4 cxd4 4. Nxd4 g6 5. c4 Nf6 6. Nc3 Bg7 7. Be3 0-0 8. Be2 d6 9. f3 Bd7 10. 0-0 Nxd4 11. Bxd4 Bc6 12. Qd2 a5 13. b3 Nd7 14. Bxg7 Kxg7 15. Qd4+ Kg8 16. Rfd1 Qb6 17. Qxb6 Nxb6 18. Nd5 Bxd5 19. cxd5 Nd7 20. Rac1 Rfc8 21. Rxc8+ Rxc8 22. Bb5 Nf6 23. Rd2 Rc5 24. a4 g5 25. h3 h5 26. Bc4 Nd7 27. Kf2 Ne5 28. Rc2 Kg7 29. Ke3 Kf6 30. g3 e6 31. dxe6 fxe6 32. f4 gxf4+ 33. gxf4 Nc6 34. Bd3 b6 35. Rxc5 bxc5 36. Be2 h4 37. Kd3 Nd4 38. Bd1 d5 39. Ke3 Kg6 40. Kd3 1/2-1/2

[Event "Ruhrhalbinsel op 19th"]
[Site "Essen"]
[Date "2004.05.19"]
[Round "1"]
[White "Bury, Tobias"]
[Black "Buenermann, Volker"]
[Result "0-1"]
[WhiteElo "1715"]
[BlackElo "2329"]
[PlyCount "64"]
[EventDate "2004.05.??"]
[EventType "swiss"]
[EventRounds "7"]
[EventCountry "GER"]
[SourceTitle "CBM 100 Extra"]
[Source "ChessBase"]
[SourceDate "2004.07.06"]
[SourceVersion "2"]
[SourceVersionDate "2004.07.06"]
[SourceQuality "1"]

1. d4 Nf6 2. c4 g6 3. Nc3 Bg7 4. e4 d6 5. Nf3 0-0 6. Be2 Na6 7. 0-0 Qe8 8. Bg5 h6 9. Bh4 e5 10. d5 Nh5 11. Ne1 Nf4 12. Nd3 Nxd3 13. Bxd3 f5 14. f3 g5 15. Bf2 f4 16. Rb1 Qg6 17. Be2 h5 18. h3 Rf7 19. b4 Bf8 20. Na4 Nb8 21. c5 Nd7 22. cxd6 cxd6 23. Rc1 Nf6 24. Kh1 Rg7 25. Rc3 g4 26. Rg1 Qe8 27. Bf1 Nh7 28. Bh4 Be7 29. Bxe7 Qxe7 30. Qc2 Bd7 31. Nb2 Kh8 32. Nd1 Rag8 0-1